Normal view
MARC view
- Marchand Leopold
Entry Personal Name
001 - CONTROL NUMBER
- control field: 46594
003 - CONTROL NUMBER IDENTIFIER
- control field: IT-RoPau
005 - DATE AND TIME OF LATEST TRANSACTION
- control field: 20151130211642.0
008 - FIXED-LENGTH DATA ELEMENTS
- fixed length control field: 151130|| aca||aabn | a|a d
040 ## - CATALOGING SOURCE
- Original cataloging agency: IT-RoPau
- Transcribing agency: IT-RoPau
100 ## - HEADING--PERSONAL NAME
- Personal name: Marchand Leopold
- Relator term: (soggetto)
- Miscellaneous information: Codice Soggetto SPICS: 17199
670 ## - SOURCE DATA FOUND
- Source citation: Work cat.: (IT-RoPau)106385: Marchand Colette Codice regista SPICS: 17198 46590, CHERI CHERI (Rif. Codice opera principale : 37345)